Proceedings (Record no. 482377)

000 -LEADER
fixed length control field 00384cam a22001337a 4500
008 - FIXED-LENGTH DATA ELEMENTS--GENERAL INFORMATION
fixed length control field 180718b1993 xxu||||| |||| 00| 0 eng d
082 ## - DEWEY DECIMAL CLASSIFICATION NUMBER
Classification number B73x54 P191
100 ## - MAIN ENTRY--PERSONAL NAME
Personal name National Workshop on Panchayat (May 19-20, 1993: New Delhi)
245 ## - TITLE STATEMENT
Title Proceedings
260 ## - PUBLICATION, DISTRIBUTION, ETC.
Place of publication, distribution, etc. New Delhi
Name of publisher, distributor, etc. Rajiv Gandhi Foundation
Date of publication, distribution, etc. 1993
300 ## - PHYSICAL DESCRIPTION
Extent 144p.
650 ## - SUBJECT ADDED ENTRY--TOPICAL TERM
Topical term or geographic name entry element (Written off)
650 ## - SUBJECT ADDED ENTRY--TOPICAL TERM
Topical term or geographic name entry element Panchayat - India
Holdings
Withdrawn status Lost status Damaged status Not for loan Permanent Location Current Location Date acquired Full call number Barcode Date last seen Price effective from Koha item type
        Indian Institute of Public Administration Indian Institute of Public Administration 2018-08-04 B73x54 P191 GR14623 2018-08-04 2018-08-04 GR

Powered by Koha